| 000 | 00919nam a2200229 a 4500 | ||
|---|---|---|---|
| 001 | 4361 | ||
| 003 | CDMR | ||
| 005 | 20130718121540.0 | ||
| 008 | 130130s2004||||sp |||||||||||||||||cat|d | ||
| 020 | _a8493335126 | ||
| 040 |
_aCDMR _bcat _cCPC GIRONA |
||
| 245 | 3 |
_aEl candidat davant el micròfon _b: els polítics catalans parlen dels mitjans de comunicació _cArtur Mas ... [et. al] |
|
| 260 |
_aBarcelona _bTrípodos _c2004 |
||
| 300 | _a93 p. | ||
| 490 | 0 |
_aPapers d'Estudi _v11 |
|
| 500 | _aTranscripció de les conferències pronunciades per Joan Saura, Josep-Lluís Carod-Rovira, Josep Piqué, Pasqual Maragall i Artur Mas a la Facultat de Ciències de la Comunicació Blanquerna durant el curs 2002-2003 | ||
| 650 | 0 | 4 |
_91448 _aMitjans de comunicació de massa _zCatalunya |
| 650 | 0 | 4 |
_93324 _aComunicació en la política |
| 650 | 0 | 4 |
_93247 _aCatalunya _xPolítica |
| 700 | 1 |
_93391 _aMas, Artur |
|
| 942 |
_cMON _2udc |
||
| 999 |
_c4361 _d4361 |
||